00510nam a2200181Ia 4500008004100000020001800041050001400059100002300073245003600096245003200132245006300164260002100227260002200248260000900270300001400279300002500293300001000318180207s9999 xx 000 0 und d a9781591470762 bE595 2004 aEnright, Robert D. aRising above the storm clouds : bwhat it's like to forgive / cby Robert D. Enright ; illustrated by Kathryn Kunz Finney. aWashington, DC : bMagination Press, c2004 aunpaged : bcolor illustration ; c25cm.